000 02228nam a2200337 i 4500
001 000042232
003 DO-SdBNP
005 20251114101555.0
007 ta
008 131120s2013 dr 001 0 spa d
020 _a9789945074871
040 _aDO-SdBNP
_bspa
_cBNPHU
_erda
041 _aspa
082 4 _axxx
_bA162g
_222
100 1 _aAbreu Cardet, José
_eautor
_962665
_4aut.
245 1 0 _aGuerras de liberación en el Caribe hispano 1863-1878 /
_cJosé Abreu Cardet, Luis Álvarez-López.
264 4 _aSanto Domingo, República Dominicana :
_bArchivo General de la Nación,
_bBúho
_c2013.
300 _a262 páginas
_bilustraciones, mapas ;
_c23 cm.
336 _atexto
_btxt
_2rdacontent
337 _asin mediación
_bn
_2rdamedia
338 _avolumen
_bnc
_2rdacarrier
490 0 _aArchivo General de la Nación
_v193
500 _aIncluye índice onomástico
500 _aIncluye notas y referencias a pie de página
500 _aIncluye datos biografícos de los autores en la solapa de la portada y contraportada.
504 _aBibliografía: páginas 237-243
505 _aPrefacio, 9.-- El Caribe hispano: República Dominicana, Cuba y Puerto Rico, 15.-- Santo Domingo, Cuba y Puerto Rico en el contexto internacional, 45.-- Puerto Rico, Cuba y Santo Domingo: el huracán de la expansión territorial norteamericana, 61.-- Las guerras en las Antillas franco-españolas, 67.-- El gran contrapunteo entre la República Dominicana y Cuba, 81.-- La Anexión: circunstancias y tendencias, 87.-- Conspiración y alzamiento, 91.-- Las primeras operaciones militares, 101.-- Cantidad de combatientes, 113.-- Armas y vituallas, 121.-- Los mambises cubanos: armas y vituallas, 135.-- La guerra de guerrillas, 143.-- La naturaleza y la guerra, 155.-- La voz del silencio, 161.-- Cambronal: los olvidos, 169.-- Un barrio cubano, 185.-- La virgen se va a la guerra, 193.-- Contrarrevolución, 199.-- Las fuerzas contrarrevolucionarias cubanas, 213.-- Ocupación del terreno, 225.-- La influencia de la Guerra Restauradora en Cuba, 229.-- Bibliografía, 237.-- Índice onomástico, 245.
590 _aInventariado, 2025 /LP
700 1 _aÁlvarez, López, Luis
_eautor
_944998
_4aut.
942 _2ddc
_cLBS1
999 _c41721
_d41721